000 00334pab a2200145 454500
008 180718b1999 xxu||||| |||| 00| 0 eng d
100 _aSingh, Sudhanshu Kumar
245 _aEducating human rights
260 _c1999
300 _ap.9
362 _a12 Jan
650 _aHuman rights education
773 _aPioneer
909 _a40896
999 _c40896
_d40896